000 00852nam a2200217 u 4500
001 000453209
003 AM-YeHGA
005 20250617133412.0
008 050915s1982 ||||||||||||||||||||rus d
040 _aAM-YeHGA
041 0 _arus
100 1 _aАлексенко, Андрей Геннадьевич
245 1 0 _aМикросхемотехника :
_bУчебное пособие /
_cА.Г. Алексенко, И.И. Шагурин ; Под ред. И.П. Степаненко.
260 _aМосква :
_bРадио и связь,
_c1982.
300 _a416 с. :
_bил.
504 _aСписок лит. с. 411
650 1 4 _aКонструирование электрических цепей
700 1 _aШагурин, Игорь Иванович.
700 1 _aСтепаненко, И.П.
_eред.
_4edt
090 _c166280
999 _c164856
_d164856